| 000 | 00469nam a2200181Ia 4500 | ||
|---|---|---|---|
| 001 | 3317 | ||
| 005 | 20260306145634.0 | ||
| 008 | 260306t2003||||xx |||||||||||||| ||spa|| | ||
| 041 | _aESP | ||
| 082 |
_a269.45 _bG86 |
||
| 100 |
_aGuerra, José Antonio _eAUT |
||
| 245 | 0 |
_aSan Francisco de Asís: _bescritos, biografías, documentos de la época |
|
| 260 | _c2003 | ||
| 300 |
_a1093 páginas : _c20 cm. |
||
| 650 | _aGEN | ||
| 654 | _aCHU | ||
| 942 |
_cLIB _dJUS _fJUS _2ddc _n |
||
| 999 |
_c3317 _d3317 |
||